| 000 -LEADER |
| fixed length control field |
01124 a2200265 4500 |
| 020 ## - INTERNATIONAL STANDARD BOOK NUMBER |
| International Standard Book Number |
0071115536 |
| 020 ## - INTERNATIONAL STANDARD BOOK NUMBER |
| International Standard Book Number |
9780071115537 |
| 090 ## - LOCALLY ASSIGNED LC-TYPE CALL NUMBER (OCLC); LOCAL CALL NUMBER (RLIN) |
| -- |
486 |
| -- |
486 |
| 100 1# - MAIN ENTRY--PERSONAL NAME |
| Personal name |
Chase, Richard B. |
| 245 10 - TITLE STATEMENT |
| Title |
Operations management for competitive advantage : |
| Remainder of title |
with student dvd and olc card / |
| Statement of responsibility, etc. |
Richard B. Chase. |
| 250 ## - EDITION STATEMENT |
| Edition statement |
11th ed. |
| 260 ## - PUBLICATION, DISTRIBUTION, ETC. |
| Place of publication, distribution, etc. |
[S.l.] : |
| Name of publisher, distributor, etc. |
McGraw-Hill Publishing Co., |
| Date of publication, distribution, etc. |
2005. |
| 300 ## - PHYSICAL DESCRIPTION |
| Extent |
806 p. ; |
| Dimensions |
28 cm. |
| 500 ## - GENERAL NOTE |
| General note |
Paperback. |
| 520 ## - SUMMARY, ETC. |
| Summary, etc. |
Jacobs and Chase continue to lead the field of Operations Management with cutting edge up to date content, technology, and motivation. |
| 650 #4 - SUBJECT ADDED ENTRY--TOPICAL TERM |
| Topical term or geographic name entry element |
Management & Business: General. |
| 650 #4 - SUBJECT ADDED ENTRY--TOPICAL TERM |
| Topical term or geographic name entry element |
Operational research. |
| 650 #4 - SUBJECT ADDED ENTRY--TOPICAL TERM |
| Topical term or geographic name entry element |
Production & quality control management. |
| 650 #4 - SUBJECT ADDED ENTRY--TOPICAL TERM |
| Topical term or geographic name entry element |
BUSINESS & ECONOMICS / Quality Control. |
| 650 #4 - SUBJECT ADDED ENTRY--TOPICAL TERM |
| Topical term or geographic name entry element |
Business & Economics / Production & Operations Management. |
| 700 1# - ADDED ENTRY--PERSONAL NAME |
| Personal name |
Jacobs, F.Robert. |
| 856 40 - ELECTRONIC LOCATION AND ACCESS |
| Materials specified |
Amazon.com |
| Uniform Resource Identifier |
<a href="http://www.amazon.com/exec/obidos/ASIN/0071115536/chopaconline-20">http://www.amazon.com/exec/obidos/ASIN/0071115536/chopaconline-20</a> |
| 856 40 - ELECTRONIC LOCATION AND ACCESS |
| Materials specified |
Amazon customer reviews |
| Uniform Resource Identifier |
<a href="http://www.chopac.org/cgi-bin/tools/azrev.pl?q=0071115536">http://www.chopac.org/cgi-bin/tools/azrev.pl?q=0071115536</a> |
| 942 ## - ADDED ENTRY ELEMENTS (KOHA) |
| Institution code [OBSOLETE] |
NBS |
| Koha item type |
Book |
| Call number prefix |
658.5 CHA |